[Event "Central Asia-ch U20"]
[Site "Tashkent"]
[Date "2019.09.28"]
[Round "8"]
[White "Nurmamedov, Azat"]
[Black "Isomov, Umar"]
[Result "1-0"]
[WhiteElo "2368"]
[BlackElo "2053"]
[PlyCount "95"]
[EventDate "2019.09.21"]
[EventType "swiss"]
[EventRounds "9"]
[EventCountry "UZB"]
[SourceTitle "EXT 2020"]
[Source "ChessBase"]
[SourceDate "2019.10.17"]
[SourceVersion "1"]
[SourceVersionDate "2019.10.17"]
[SourceQuality "1"]

1. e4 e5 2. Nf3 Nc6 3. Bb5 a6 4. Ba4 Nf6 5. 0-0 Be7 6. Bxc6 dxc6 7. Re1 Bg4 8. h3 Bh5 9. d3 Nd7 10. Nbd2 Bd6 11. Nf1 Qe7 12. Ng3 Bg6 13. Bd2 0-0-0 14. Rb1 h5 15. b4 h4 16. Bg5 f6 17. Nxh4 Bf7 18. Nhf5 Qf8 19. Nxd6+ Qxd6 20. Be3 Bxa2 21. Nf5 Qf8 22. Rb2 Be6 23. c4 g6 24. Ng3 Nb8 25. Qc2 Qd6 26. Rd1 Qd7 27. d4 exd4 28. Rxd4 Qf7 29. Qc3 Rxd4 30. Bxd4 Nd7 31. b5 c5 32. bxa6 b6 33. Be3 Bxc4 34. Qa3 Kb8 35. Bxc5 Nxc5 36. Qxc5 Bxa6 37. Qd4 Qe7 38. Rd2 Kc8 39. Qa1 Bb7 40. Qd1 g5 41. Qg4+ Kb8 42. Qd1 Kc8 43. Qg4+ Kb8 44. Rd7 Qe5 45. Qf3 Re8 46. Rd1 Bxe4 47. Nxe4 Qxe4 48. Rd8+ 1-0

[Event "Sochi Amateur op 6th"]
[Site "Sochi"]
[Date "2019.04.13"]
[Round "9"]
[White "Isomov, Umar"]
[Black "Chernov, Mikhail"]
[Result "0-1"]
[WhiteElo "2039"]
[BlackElo "2266"]
[PlyCount "66"]
[EventDate "2019.04.07"]
[EventType "swiss"]
[EventRounds "9"]
[EventCountry "RUS"]
[SourceTitle "CBM 189 Extra"]
[Source "ChessBase"]
[SourceDate "2019.06.03"]
[SourceVersion "1"]
[SourceVersionDate "2019.06.03"]
[SourceQuality "1"]

1. e4 d6 2. d4 g6 3. Nc3 Bg7 4. f4 a6 5. Be3 b5 6. Bd3 Nd7 7. a4 b4 8. Nce2 Ngf6 9. Nf3 Bb7 10. Ng3 0-0 11. 0-0 c5 12. c3 cxd4 13. cxd4 Ng4 14. Bd2 Qb6 15. a5 Bxd4+ 16. Kh1 Qa7 17. Nxd4 Qxd4 18. Qxg4 Nc5 19. Nf5 Qxd3 20. Nxe7+ Kh8 21. Bxb4 Nxe4 22. f5 Rae8 23. f6 Qd4 24. Qh4 Qxb4 25. Ra3 Qd2 26. Rh3 Ng5 27. Rg3 Qe2 28. Rg1 Ne6 29. Qh6 Qh5 30. Qd2 Nc5 31. Qf4 Ne4 32. Re3 Qe5 33. Qxe5 Nf2# 0-1

[Event "Sochi Amateur op 6th"]
[Site "Sochi"]
[Date "2019.04.08"]
[Round "2"]
[White "Vaseptsov, Maxim"]
[Black "Isomov, Umar"]
[Result "1-0"]
[WhiteElo "2256"]
[BlackElo "2039"]
[PlyCount "99"]
[EventDate "2019.04.07"]
[EventType "swiss"]
[EventRounds "9"]
[EventCountry "RUS"]
[SourceTitle "CBM 189 Extra"]
[Source "ChessBase"]
[SourceDate "2019.06.03"]
[SourceVersion "1"]
[SourceVersionDate "2019.06.03"]
[SourceQuality "1"]

1. e4 c5 2. Nf3 Nc6 3. Bb5 g6 4. Bxc6 dxc6 5. d3 Nf6 6. h3 Bg7 7. Nc3 Nd7 8. Be3 e5 9. Qd2 Qe7 10. a3 0-0 11. Bh6 Rd8 12. Bxg7 Kxg7 13. Nh2 Nf8 14. Qe3 Ne6 15. Ne2 Nd4 16. Nxd4 cxd4 17. Qg3 Re8 18. 0-0 h6 19. f4 f5 20. exf5 Bxf5 21. Rae1 e4 22. dxe4 Bxe4 23. f5 Qf7 24. Ng4 Bxf5 25. Qf4 Rxe1 26. Qxd4+ Kh7 27. Nf6+ Kg7 28. Rxe1 c5 29. Qd6 Qxf6 30. Re7+ Qf7 31. Rxf7+ Kxf7 32. Qc7+ Ke6 33. Qxb7 Rd8 34. Qc6+ Rd6 35. Qxc5 a6 36. g4 Be4 37. Qe3 Ke5 38. Qxh6 Bxc2 39. Qg5+ Ke4 40. Kf2 Bd1 41. b4 Ba4 42. Qe3+ Kd5 43. Qc5+ Ke6 44. Kg3 Bb5 45. Kf4 Kd7 46. Qa7+ Ke6 47. Kg5 Bd3 48. h4 Rd5+ 49. Kf4 Rd6 50. a4 1-0

[Event "Johor op 5th"]
[Site "Johor"]
[Date "2018.12.15"]
[Round "9"]
[White "Isomov, Umar"]
[Black "Villanueva, Nelson"]
[Result "0-1"]
[WhiteElo "1949"]
[BlackElo "2082"]
[PlyCount "38"]
[EventDate "2018.12.10"]
[EventType "swiss"]
[EventRounds "9"]
[EventCountry "MAS"]
[SourceTitle "CBM 187 Extra"]
[Source "ChessBase"]
[SourceDate "2018.11.04"]
[SourceVersion "1"]
[SourceVersionDate "2018.11.04"]
[SourceQuality "1"]

1. e4 c6 2. d4 d5 3. exd5 cxd5 4. Bd3 Nc6 5. c3 Qc7 6. Ne2 Nf6 7. Bf4 Qb6 8. Qb3 Qd8 9. Nd2 g6 10. Ng3 Bg7 11. Nf3 0-0 12. h4 h5 13. 0-0 Bg4 14. Ng5 Na5 15. Qc2 e6 16. Be5 Bf5 17. Nxf5 exf5 18. f3 Nc4 19. Rfe1 Qd7 0-1

[Event "Johor op 5th"]
[Site "Johor"]
[Date "2018.12.11"]
[Round "2"]
[White "Emperado, Emmanuel"]
[Black "Isomov, Umar"]
[Result "1/2-1/2"]
[WhiteElo "2240"]
[BlackElo "1949"]
[PlyCount "58"]
[EventDate "2018.12.10"]
[EventType "swiss"]
[EventRounds "9"]
[EventCountry "MAS"]
[SourceTitle "CBM 187 Extra"]
[Source "ChessBase"]
[SourceDate "2018.11.04"]
[SourceVersion "1"]
[SourceVersionDate "2018.11.04"]
[SourceQuality "1"]

1. e4 c5 2. Nf3 Nc6 3. Bb5 g6 4. Bxc6 dxc6 5. d3 Nf6 6. Nc3 Bg7 7. Bf4 0-0 8. Qd2 Re8 9. Bh6 Bh8 10. h4 Bg4 11. Ng1 Qb6 12. f3 Be6 13. Nge2 Qxb2 14. Rb1 Qa3 15. Rxb7 Rab8 16. Rxb8 Rxb8 17. 0-0 Nd7 18. h5 Rb2 19. hxg6 hxg6 20. f4 Bg4 21. f5 Bxe2 22. Nxe2 Bf6 23. fxg6 fxg6 24. Bg5 Qb4 25. Qe3 Rxc2 26. Bxf6 exf6 27. Qh3 Rxe2 28. Qe6+ Kf8 29. Qxd7 Qb2 1/2-1/2

[Event "Penang op 10th"]
[Site "Penang"]
[Date "2018.12.05"]
[Round "4"]
[White "Tin, Shan Wen"]
[Black "Isomov, Umar"]
[Result "1-0"]
[WhiteElo "1739"]
[BlackElo "1949"]
[PlyCount "39"]
[EventDate "2018.12.03"]
[EventType "swiss"]
[EventRounds "9"]
[EventCountry "MAS"]
[SourceTitle "CBM 187 Extra"]
[Source "ChessBase"]
[SourceDate "2018.11.04"]
[SourceVersion "1"]
[SourceVersionDate "2018.11.04"]
[SourceQuality "1"]

1. e4 c5 2. Nf3 Nc6 3. Bb5 g6 4. 0-0 Bg7 5. Re1 Nf6 6. e5 Nd5 7. Nc3 Nc7 8. Bxc6 bxc6 9. d4 cxd4 10. Qxd4 0-0 11. Qh4 f6 12. Ne4 fxe5 13. Bh6 d5 14. Nxe5 Bxe5 15. Bxf8 Kxf8 16. Ng5 Bf6 17. Qxh7 Qe8 18. h4 Bf5 19. Re3 Qd7 20. Qf7# 1-0

[Event "Penang op 10th"]
[Site "Penang"]
[Date "2018.12.03"]
[Round "1"]
[White "Isomov, Umar"]
[Black "Villamayor, Buenaventura"]
[Result "1/2-1/2"]
[WhiteElo "1949"]
[BlackElo "2408"]
[PlyCount "72"]
[EventDate "2018.12.03"]
[EventType "swiss"]
[EventRounds "9"]
[EventCountry "MAS"]
[SourceTitle "CBM 187 Extra"]
[Source "ChessBase"]
[SourceDate "2018.11.04"]
[SourceVersion "1"]
[SourceVersionDate "2018.11.04"]
[SourceQuality "1"]

1. e4 g6 2. d4 Bg7 3. Nc3 c5 4. Nf3 cxd4 5. Nxd4 Nc6 6. Be3 Nf6 7. Bc4 0-0 8. Bb3 a5 9. a4 d6 10. f3 Bd7 11. Qd2 Nxd4 12. Bxd4 Bc6 13. 0-0-0 Nd7 14. Bxg7 Kxg7 15. h4 h6 16. f4 f6 17. g4 Nc5 18. Bd5 Qb6 19. g5 Qb4 20. gxh6+ Kh7 21. h5 gxh5 22. Rdg1 Nxa4 23. Rg7+ Kh8 24. Nxa4 Qxd2+ 25. Kxd2 Bxa4 26. Rhg1 Bc6 27. Be6 Bxe4 28. f5 Bf3 29. R1g6 Rae8 30. h7 h4 31. Bd7 h3 32. Bxe8 h2 33. Rg8+ Kxh7 34. R6g7+ Kh6 35. Rg6+ Kh7 36. Rxf8 h1Q 1/2-1/2

[Event "World School-ch U13"]
[Site "Sochi"]
[Date "2016.12.10"]
[Round "8"]
[White "Isomov, Umar"]
[Black "Gulbeyaz, Emir"]
[Result "1-0"]
[WhiteElo "1704"]
[BlackElo "2008"]
[PlyCount "89"]
[EventDate "2016.12.03"]
[EventType "swiss"]
[EventRounds "9"]
[EventCountry "RUS"]
[SourceTitle "EXT 2018"]
[Source "ChessBase"]
[SourceDate "2017.10.13"]
[SourceVersion "1"]
[SourceVersionDate "2017.10.13"]
[SourceQuality "1"]

1. e4 g6 2. d4 Bg7 3. c4 d6 4. Nc3 Nf6 5. f3 c6 6. Be3 a6 7. a4 a5 8. Qd2 h5 9. h3 e5 10. d5 Qc7 11. Rd1 Bf8 12. f4 cxd5 13. cxd5 exf4 14. Bd4 Qe7 15. Qxf4 Bg7 16. Bb5+ Bd7 17. Nge2 0-0 18. 0-0 Nh7 19. Bxg7 Kxg7 20. Nd4 Qe5 21. Bxd7 Nxd7 22. Ndb5 Qxf4 23. Rxf4 Ra6 24. Rdf1 Ne5 25. b3 Rc8 26. Ne2 Kf8 27. Ned4 Ke7 28. Rd1 Nf8 29. Rff1 Raa8 30. Kf2 Nfd7 31. Ke3 Nc5 32. Rf2 Na6 33. Rdf1 Nb4 34. Rf6 Ra6 35. R6f2 Raa8 36. Nf3 Nbd3 37. Nxe5 Nxe5 38. Kd4 Rd8 39. Nxd6 Nc6+ 40. dxc6 Rxd6+ 41. Ke3 f6 42. e5 Rxc6 43. Rxf6 Rac8 44. Rf7+ Ke6 45. Ke4 1-0

[Event "World School-ch U13"]
[Site "Sochi"]
[Date "2016.12.04"]
[Round "2"]
[White "Isomov, Umar"]
[Black "Yasanga, WCM Kasun"]
[Result "1/2-1/2"]
[WhiteElo "1704"]
[BlackElo "1427"]
[PlyCount "29"]
[EventDate "2016.12.03"]
[EventType "swiss"]
[EventRounds "9"]
[EventCountry "RUS"]
[SourceTitle "EXT 2018"]
[Source "ChessBase"]
[SourceDate "2017.10.13"]
[SourceVersion "1"]
[SourceVersionDate "2017.10.13"]
[SourceQuality "1"]

1. e4 d6 2. d4 Nf6 3. f3 g6 4. c4 Bg7 5. Nc3 Nbd7 6. Be3 b6 7. Qd2 c5 8. d5 Ba6 9. 0-0-0 Qc7 10. Bh6 Bxh6 11. Qxh6 0-0-0 12. g4 Rdf8 13. b3 Nb8 14. Qh4 Rfg8 15. Bh3 1/2-1/2